000 00979nam a2200265 a 4500
001 000022923
003 DO-SdBNP
005 20230526111636.0
008 101123s1988 sp 001 0 spa d
020 _a8474233364
040 _aDO-SdBNP
_bspa
_cBNPHU
049 _aBNGR
082 _a170.9
_bH673
245 0 0 _aHistoria de la ética /
_cEdición de Victoria Camps.
260 _aBarcelona :
_bCrítica,
_c1988.
300 _av. ;
_c21 cm.
490 1 _aCrítica/Filosofía
500 _aLa biblioteca posee los volúmenes 1 y 3.
505 0 _gv.1.
_tDe los griegos al renacimiento /
_rSaturnino Álvarez Turienzo,
_rJosé Luis L. Aranguren,
_rManuel Fernández-Galiano... [et al.]. --
_gv.2.
_tLa ética moderna --
_gv.3.
_tLa ética contemporánea /
_rCelia Amorós, Gabriel Bello, Enrique Bonete... [et al.].
650 4 _aÉtica
_xHistoria
_918643
700 1 _aCamps, Victoria,
_eed.
_915732
830 0 _aCrítica/Filosofía
_947130
910 _aWM
942 _2ddc
_cLBS1
999 _c22420
_d22420